00567 2200205 4500001002100000005001700021006001900038008004100057020002300098035002600121084001700147090001700164100001400181245004300195260003100238300002300269990002300292990002300315990002300338INLIS00000000000271120160907111100.0a ||| | 171130| ||| |  a 978-979-26-7156-8 a 0010-091600000000142 a 028.5 FID N a 028.5 FID N0 a Fidelara00a Cerita Budi Pekerti Nyanyian Den Iman b Anaksaleh Pratama c 2008 a 21 hlm c 24,6 Cm a 23644/APBDII/2015 a 23645/APBDII/2015 a 23646/APBDII/2015